|
|
|
|
| LEADER |
00939cam a2200253 7i4500 |
| 001 |
0000151524 |
| 005 |
20230503090000.0 |
| 008 |
211125s2020 myc# g## #00001eng## |
| 020 |
# |
# |
|a 9789834370855
|
| 040 |
# |
# |
|a UMT
|b eng
|c UMT
|d Malcat
|e rda
|
| 090 |
0 |
# |
|a BP 134 .E38
|b S4 2020
|
| 245 |
1 |
0 |
|a Sejarah & perkembangan pendidikan Tahfiz Al Quran di Malaysia.
|
| 250 |
# |
# |
|a Edisi II
|
| 264 |
# |
1 |
|a Kuala Kubu Baharu,Selangor:
|b Darul Quran Jakim,
|c 2020
|
| 264 |
# |
4 |
|c ♭2020
|
| 300 |
# |
# |
|a xiii,262 pages:
|b illustrations;
|c 23 cm
|
| 336 |
# |
# |
|a text --
|2 rdacontent
|
| 337 |
# |
# |
|a unmediated --
|2 rdamedia
|
| 338 |
# |
# |
|a volume --
|2 rdacarrier
|
| 590 |
# |
# |
|a Perpustakaan Sultanah Nur Zahirah
|
| 650 |
# |
0 |
|a Islamic education --
|x Quranic teaching --
|z Malaysia
|
| 650 |
# |
0 |
|a Islamic religious education --
|x Curricula --
|z Malaysia
|
| 650 |
# |
0 |
|a Education --
|x Religious aspects --
|x Islam
|
| 999 |
|
|
|a 1100111654
|b Book
|c Open Shelf
|e KOLEKSI TERBUKA
|